000 00375nam a22001697a 4500
003 OSt
005 20240311143427.0
008 220704b xxu||||| |||| 00| 0 eng d
020 _a978-9332557185
040 _c01-B-6660
100 _aKOTLER,P
245 _aMARKETING, MANAGEMENT
250 _a11TH
260 _aPHI
_bNEW DELHI
_c2003
300 _a836
942 _2ddc
_c02
999 _c52792
_d52792